00631nam a2200193Ia 4500008004100000020001800041040001900059041001200078082002700090100001800117245006400135260002700199300003500226440009000261504002600351650002500377651001400402850002100416131103s9999 xx 000 0 und d a0 08 018282 8 aLoreto College aEnglish a372.21/CASbLCBED/1563 aCass, Joan E. 4aThe role of the teacher in the nursery schoolcJoan E. Cass aOxfordbPergamonc1975 axi,65p.b ill., tablesc 22cm. aPergamon International library of science, technology, enginnering and social studies aIncludes bibliography aElementary education aEducation aLCBED/372.21/CAS